Hospodárska nauka o obrábaní, hnojení a obsievaní pôdy sošit 1.

Podrobná bibliografia
Hlavný autor: Bážik, Andrej, 1866-1934 (Autor)
Médium: Kniha
Jazyk:neznámy jazyk
PhysicalDescription:108 s.
Vydavateľské údaje: Skalica Jozef Teslík 1901
Vydanie:2. opr. vyd.

MARC

LEADER 00000nam a2200000 a 4500
001 vtls001473106
003 SK-MaSNL
005 20260301182937.0
008 240315s1901 xx 0 und
035 |a SNK000428408 
040 |a SNK  |b slo  |c SNK  |e AACR2 
041 0 |a und 
044 |a xx 
100 1 |a Bážik, Andrej,  |d 1866-1934  |4 aut  |9 257643 
245 1 |a Hospodárska nauka o obrábaní, hnojení a obsievaní pôdy  |n sošit 1. 
250 |a 2. opr. vyd. 
260 |a Skalica  |b Jozef Teslík  |c 1901 
300 |a 108 s. 
958 |a ONDV 
999 |c 855281  |d 857211 
952 |t P60, <04>, [BOOK], {604}  |a SNK  |b SNK  |y VYP  |7 0  |p 17A0425459  |o snkSD 922/1 D2  |i snkD 2565/61  |0 0  |1 0  |4 0  |d 2004-04-15  |l 0  |r 2005-01-02 00:00:00  |w 2026-02-24 
952 |t P60, <04>, [BOOK], {604}  |a SNK  |b SNK  |y VYP  |7 0  |p 17A0425074  |o snkSD 922/1 D1  |i snkKSF 3389/56  |0 0  |1 0  |4 0  |d 2004-04-15  |l 0  |r 2005-01-02 00:00:00  |w 2026-02-24